000 00321nam a2200133 i 4500
001 bg
100 1 _aTHEIL, Kazimierz
245 0 _aMechanika skał w inżynierii wodnej /
_cKazimierz Theil.
260 _aWarszawa,
_c1980.
040 _cBPK
041 _apol
942 _cKS
008 s pl f |000 0 pol
999 _c19776
_d19776
856 _uhttp://koha.tu.koszalin.pl/cgi-bin/koha/opac-detail.pl?biblionumber=19776
_yKatalog online BPK